000 00230nam a2200109Ia 4500
005 20251020182555.0
008 200515s9999 xx 000 0 und d
082 _aR/801.3=20/S56
110 _aSIMON
260 _cs.a.
942 _cLIB
999 _c2867
_d2867